000 00516nam a2200193 a 4500
001 6980
003 CO-ViMGA
008 141112s2004 ck r 000 u spa d
020 _a9502006445
040 _aCO-ViMGA
_bspa
_cCO-ViMGA
082 0 4 _a346.022 B877
100 1 _aBustamante Alsina, Jorge
_93413
245 1 0 _aTeorĂ­a general de la responsabilidad civil
250 _a8a
260 _aBuenos Aires :
_bAbeledo - Perrot,
_c1995
300 _a737 p
650 1 4 _aRESPONSABILIDAD CIVIL
_96011
942 _2ddc
_cBK
999 _c18947
_d18947